| 000 | 00841nam a2200241 a 4500 | ||
|---|---|---|---|
| 001 | 000038883 | ||
| 005 | 20240604194808.0 | ||
| 008 | 110401s1981 dr a r 001 0 spa d | ||
| 020 | _a8484000702 | ||
| 040 |
_aDO-SdBNP _bspa _cBNPHU |
||
| 082 |
_a301 _bS678L |
||
| 245 | 0 | 1 |
_aSociología : _blibro básico de consulta / _cpresentación y selección Rubén Silié. |
| 260 |
_aSanto Domingo : _bTaller, _c1981. |
||
| 300 |
_a139 p. : _bil. ; _c23 cm. |
||
| 490 | 1 |
_aBiblioteca Taller _atextos _v124 |
|
| 504 | _aIncluye referencias bibliográficas y notas al pie de las páginas | ||
| 590 | _aInventariado, 2018/VM | ||
| 650 | 0 |
_aSociología _91061 |
|
| 650 | 0 |
_aCiencias sociales _91065 |
|
| 700 | 1 |
_aSilié, Rubén, _d1946- _epresent. _91421 |
|
| 830 | 0 |
_aBiblioteca Taller _ptextos _n124 _965155 |
|
| 910 | _aValidado. Control de calidad. MFF | ||
| 999 |
_c38373 _d38373 |
||